=LDR 00000nam 2200000 4500 =001 INLIS000000000010892 =005 20130612102511 =008 ***********************************Ind** =035 ##$$0010-061300000010892 =041 ##$$a Ind =082 ##$$a 335.409.598.218.4 =090 ##$$a 355.409 598 218 4, sal a =100 ##$$a Salih,R.H.A =245 ##$$a Akademi militer Tangerang dan peristiwa hengkong, R.H.A. Saleh =260 ##$$a 1994 $b Yogyakarta =300 ##$$a VIII-150 hlm., Ilus, 21 cm =650 ##$$a Operasi Militer militer Tangerang =850 ##$$a NBPNMAT